Supresión de la inquisición y libertad de cultos en la Argentina

Αποθηκεύτηκε σε:
Λεπτομέρειες βιβλιογραφικής εγγραφής
Κύριος συγγραφέας: Lewin, Boleslao (autor)
Μορφή: Βιβλίο
Γλώσσα:Ισπανικά
Έκδοση: La Plata Universidad Nacional de la Plata 1957
Σειρά:Cuadernos de Extensión Universitaria, 3
Θέματα:
Ετικέτες: Προσθήκη ετικέτας
Δεν υπάρχουν, Καταχωρήστε ετικέτα πρώτοι!

MARC

LEADER 00000nam a2200000 a 4500
001 UCR2030
003 CL-VaPUC
008 980109e19570000AG |||||||||||||||||spa|d
082 0 4 |a 272.2  |b LEW  |2 21 
100 |a Lewin, Boleslao  |e autor  |9 530287 
245 1 0 |a Supresión de la inquisición y libertad de cultos en la Argentina 
300 |a 69 p 
942 |c BK 
945 |d 19980109 00:00:00  |a jquezada 
260 |a La Plata  |b Universidad Nacional de la Plata  |c 1957 
650 7 |a PERSECUCIONES RELIGIOSAS  |2 CL-VaPUC  |9 399605 
650 0 |a Inquisición (Iglesia Católica)  |9 258578 
650 0 |a Libertad de cultos  |9 393446 
650 0 |a Historia  |9 255047 
651 0 |a Argentina  |9 254888 
583 |a last modification  |c 19980109 00:00:00  |k Rodrigo Vera 
490 0 |a Cuadernos de Extensión Universitaria, 3 
999 |c 265307  |d 265305 
952 |0 0  |1 0  |4 0  |6 272_200000000000000_LEW_1957  |7 0  |8 A  |9 296178  |a BIBTEO  |b BIBTEO  |d 2019-11-20  |i 3372405  |o 272.2 LEW 1957  |p 3372405  |r 2025-01-17  |w 2019-11-20  |y BK  |k ICR